Wordt geladen...
Soil conservation
| Hoofdauteur: | |
|---|---|
| Formaat: | Printed Book |
| Taal: | Undetermined English |
| Gepubliceerd in: |
New Delhi
Black prints
2014
|
| Onderwerpen: |
| LEADER | 00551nam a2200181Ia 4500 | ||
|---|---|---|---|
| 008 | 140306s9999 xx 000 0 und d | ||
| 020 | |a 9789382036647 | ||
| 041 | |a eng | ||
| 082 | |a 631.4 |b SAN/SO | ||
| 100 | |a Sanat, Thakore | ||
| 245 | |a Soil conservation | ||
| 260 | |a New Delhi |b Black prints |c 2014 | ||
| 300 | |a 286 | ||
| 365 | |b Rs.895/- | ||
| 650 | |a Soil | ||
| 942 | |2 ddc |c BK | ||
| 999 | |c 124858 |d 124858 | ||
| 952 | |0 0 |1 0 |2 ddc |4 0 |6 631_400000000000000_SANSO |7 0 |9 124824 |a KAUHCV |b KAUHCV |d 2014-03-14 |g 895.00 |o 631.4 SAN/SO |p KAU_HCV-31587 |r 2014-03-22 |w 2014-03-22 |y BK | ||